书目信息 |
| 题名: |
物流管理
|
|
| 作者: | 格兰特 著 ;霍艳芳 , 刘亮 译 | |
| 分册: | ||
| 出版信息: | 北京 中国人民大学出版社 2016 |
|
| 页数: | 263页 | |
| 开本: | 26cm | |
| 丛书名: | 工商管理经典译丛 | |
| 单 册: | ||
| 中图分类: | F252.1 | |
| 科图分类: | ||
| 主题词: | 物流管理--wu liu guan li--高等学校--教材 | |
| 电子资源: | ||
| ISBN: | 978-7-300-22839-6 | |
| 000 | 01217nam0 22003131 450 | |
| 001 | 0103153614 | |
| 005 | 20170503153614.0 | |
| 010 | @a978-7-300-22839-6@dCNY49.00 | |
| 100 | @a20160613d2016 em y0chiy50 ea | |
| 101 | 1 | @achi@ceng |
| 102 | @aCN@b110000 | |
| 105 | @aab z 000yy | |
| 106 | @ar | |
| 200 | 1 | @a物流管理@9wu liu guan li@dLogistics management@f戴维·格兰特(David B. Grant)著@g霍艳芳,刘亮译@zeng |
| 210 | @a北京@c中国人民大学出版社@d2016 | |
| 215 | @a263页@c图,地图@d26cm | |
| 225 | 2 | @a工商管理经典译丛@9gong shang guan li jing dian yi cong@i运营管理系列 |
| 300 | @a中国人民大学出版社工商管理类翻译版教材 | |
| 305 | @a由培生教育出版公司授权出版 | |
| 330 | @a本书内容涉及:物流与供应链管理简介、物流顾客服务、采购、运输、仓储、库存管理、运营及物料管理、物流信息技术、物流财务绩效、人力资源和物流等。 | |
| 461 | 0 | @12001 @a工商管理经典译丛 |
| 510 | 1 | @aLogistics management@zeng |
| 606 | 0 | @a物流管理@9wu liu guan li@x高等学校@j教材 |
| 690 | @aF252.1@v5 | |
| 701 | 0 | @c(英)@a格兰特@9ge lan te@c(Grant, David B.)@4著 |
| 702 | 0 | @a霍艳芳@9huo yan fang@c(女,@f1972~)@4译 |
| 702 | 0 | @a刘亮@9liu liang@4译 |
| 801 | 0 | @aCN@bTANGWEI@c20170308 |
| 905 | @b0967269-72@dF252.1@e254@f4 | |
| 物流管理=Logistics management/戴维·格兰特(David B. Grant)著/霍艳芳,刘亮译.-北京:中国人民大学出版社,2016 |
| 263页:图,地图;26cm.-(工商管理经典译丛.运营管理系列) |
| 中国人民大学出版社工商管理类翻译版教材 |
| ISBN 978-7-300-22839-6:CNY49.00 |
| 本书内容涉及:物流与供应链管理简介、物流顾客服务、采购、运输、仓储、库存管理、运营及物料管理、物流信息技术、物流财务绩效、人力资源和物流等。 |
| ● |
| 相关链接 |
|
|
|
|
正题名:物流管理
索取号:F252.1/254
 
预约/预借
| 序号 | 登录号 | 条形码 | 馆藏地/架位号 | 状态 | 备注 |
| 1 | 0967269 | 209672692 | 第一样本阅览室/ [索取号:F252.1/254] | 在馆 | |
| 2 | 0967270 | 209672709 | 第一借阅区/ [索取号:F252.1/254] | 在馆 | |
| 3 | 0967271 | 209672718 | 第一借阅区/ [索取号:F252.1/254] | 在馆 | |
| 4 | 0967272 | 209672727 | 密集书库-海洋学院/ [索取号:F252.1/254] | 在馆 |